[Event "Capablanca mem open"]
[Site "La Habana CUB"]
[Date "2006.11.26"]
[Round "6.11"]
[White "Perez, Orelvis"]
[Black "Escobar Forero, Alder"]
[Result "1-0"]
[PlyCount "183"]
[EventDate "2006.11.21"]
[EventType "swiss"]
[EventRounds "9"]
[EventCountry "CUB"]
[Source "lmi"]
[SourceDate "2006.11.21"]
[WhiteElo "2415"]
[BlackElo "2457"]

1. e4 c5 2. Nf3 Nc6 3. d4 cxd4 4. Nxd4 Nf6 5. Nc3 e5 6. Ndb5 d6 7. Nd5 Nxd5 8.
exd5 Ne7 9. c3 Nf5 10. a4 Be7 11. Bd3 O-O 12. O-O Nh4 13. Be3 f5 14. f3 a6 15.
Na3 Qe8 16. Nc4 f4 17. Bf2 Qh5 18. Nb6 Rb8 19. Qc2 Nf5 20. Ra3 Bh4 21. Nxc8
Bxf2+ 22. Qxf2 Rfxc8 23. Bxf5 Qxf5 24. Qe2 Rc5 25. Rd1 Rbc8 26. Qd3 Qxd3 27.
Rxd3 Kf7 28. Kf2 g5 29. Rd1 h5 30. h3 Kf6 31. Rb3 R8c7 32. Rb6 Ke7 33. Rd3 Rd7
34. Ke2 Kf6 35. Rb4 Kf5 36. Kd2 Rc8 37. Kc2 Rg8 38. Rc4 g4 39. hxg4+ hxg4 40.
b4 gxf3 41. gxf3 Rg2+ 42. Kb3 Rg8 43. b5 a5 44. Rd1 Rh7 45. b6 Rg3 46. Rc7 Rxc7
47. bxc7 Rg8 48. Rg1 Rc8 49. Rg7 e4 50. Rf7+ Ke5 51. Re7+ Kxd5 52. Rxe4 Rxc7
53. Rxf4 Ke5 54. Rf8 d5 55. f4+ Ke6 56. Ra8 b6 57. Rb8 Rc6 58. Re8+ Kd6 59. f5
Rc4 60. Re6+ Kc5 61. Re8 Rf4 62. Rc8+ Kd6 63. Rb8 Kc5 64. Rc8+ Kd6 65. Rb8 Kc5
66. Rf8 Kd6 67. f6 Rf1 68. Kc2 Ke6 69. Rb8 Rxf6 70. Rxb6+ Ke5 71. Rb5 Ra6 72.
Kd3 Rh6 73. Rxa5 Rh3+ 74. Kc2 Kd6 75. Rb5 Kc6 76. Rb4 Kc5 77. Rd4 Rh2+ 78. Kb3
Rh1 79. a5 Ra1 80. Ra4 Rb1+ 81. Kc2 Rb8 82. a6 Ra8 83. a7 Kb5 84. Kb3 Kc5 85.
Ra5+ Kc6 86. Kb4 Kb6 87. Ra1 Kc6 88. Ra6+ Kc7 89. Kb5 Kb7 90. Rb6+ Kc7 91. Ka6
Rh8 92. Rb7+ 1-0

[Event "Capablanca mem open"]
[Site "La Habana CUB"]
[Date "2006.11.26"]
[Round "6.12"]
[White "Pozo Vera, Sandro"]
[Black "Mosquera, Miguel"]
[Result "0-1"]
[PlyCount "160"]
[EventDate "2006.11.21"]
[EventType "swiss"]
[EventRounds "9"]
[EventCountry "CUB"]
[Source "lmi"]
[SourceDate "2006.11.21"]
[WhiteElo "2462"]
[BlackElo "2425"]

1. d4 d5 2. c4 c6 3. Nf3 Nf6 4. e3 Bf5 5. Nc3 e6 6. Nh4 Bg6 7. Nxg6 hxg6 8. a3
Nbd7 9. g3 Be7 10. f4 dxc4 11. Bxc4 O-O 12. e4 Nb6 13. Be2 c5 14. dxc5 Bxc5 15.
Qxd8 Rfxd8 16. e5 Nfd5 17. Ne4 Bd4 18. Nd6 Rd7 19. Nb5 Bc5 20. Bd2 a6 21. Nc3
Nxc3 22. Bxc3 Na4 23. Rd1 Rc7 24. Bf3 Rac8 25. Rd3 Bxa3 26. bxa3 Nxc3 27. O-O
a5 28. Rd6 b5 29. Rb6 Rc4 30. Kg2 g5 31. fxg5 g6 32. Rb7 R4c7 33. Rb6 Rc5 34.
Re1 Kg7 35. h4 Rd8 36. Rb7 Rd2+ 37. Kh3 Rf2 38. Bg4 Kf8 39. Rb8+ Ke7 40. Re3
Nd5 41. Rf3 Rxf3 42. Bxf3 Nc7 43. Rc8 b4 44. a4 Rc3 45. Bd1 Nd5 46. Ra8 b3 47.
Rxa5 b2 48. Rb5 Rc1 49. Rxb2 Rxd1 50. Ra2 Nb4 51. Ra3 Rd5 52. a5 Na6 53. g4
Rxe5 54. Kg3 f6 55. gxf6+ Kxf6 56. Kf4 g5+ 57. hxg5+ Rxg5 58. Ra1 Rc5 59. Ra4
Rb5 60. Kg3 Kg5 61. Re4 e5 62. Ra4 Nc5 63. Ra3 Ne4+ 64. Kg2 Kxg4 65. a6 Rb2+
66. Kf1 Rb8 67. a7 Ra8 68. Ke2 Kf5 69. Ke3 Nd6 70. Ra1 Ke6 71. Ra6 Kd7 72. Kd3
Kc7 73. Ra5 e4+ 74. Kd4 Kb6 75. Rd5 Nb5+ 76. Ke3 Rxa7 77. Rd8 Re7 78. Rc8 Nc7
79. Rd8 Kc5 80. Rc8 Kd6 0-1

[Event "Capablanca mem open"]
[Site "La Habana CUB"]
[Date "2006.11.26"]
[Round "6.13"]
[White "Pedersen, Nicolai Vesterbaek"]
[Black "Barrientos, Sergio"]
[Result "0-1"]
[PlyCount "66"]
[EventDate "2006.11.21"]
[EventType "swiss"]
[EventRounds "9"]
[EventCountry "CUB"]
[Source "lmi"]
[SourceDate "2006.11.21"]
[WhiteElo "2510"]
[BlackElo "2421"]

1. c4 Nf6 2. Nc3 e6 3. d4 Bb4 4. e3 c5 5. a3 Bxc3+ 6. bxc3 d6 7. Bd3 Nc6 8. Ne2
O-O 9. O-O b6 10. e4 Ne8 11. f4 f5 12. d5 exd5 13. cxd5 fxe4 14. Bxe4 Ne7 15.
c4 Nf6 16. Bf3 Qe8 17. h3 Ba6 18. Qc2 Qg6 19. Qa4 Bc8 20. g4 Nxg4 21. hxg4 Bxg4
22. Bxg4 Qxg4+ 23. Kf2 Nf5 24. Rg1 Qh4+ 25. Ng3 Rae8 26. Qd1 Re4 27. Qd3 Rfe8
28. Ra2 Rxf4+ 29. Bxf4 Qxf4+ 30. Qf3 Qd4+ 31. Kf1 Ne3+ 32. Kf2 Rf8 33. Qxf8+
Kxf8 0-1

[Event "Capablanca mem open"]
[Site "La Habana CUB"]
[Date "2006.11.26"]
[Round "6.14"]
[White "Perez, Rodney"]
[Black "Braga, Cicero"]
[Result "1/2-1/2"]
[PlyCount "36"]
[EventDate "2006.11.21"]
[EventType "swiss"]
[EventRounds "9"]
[EventCountry "CUB"]
[Source "lmi"]
[SourceDate "2006.11.21"]
[WhiteElo "2385"]
[BlackElo "2412"]

1. e4 c5 2. Nf3 g6 3. d4 cxd4 4. Qxd4 Nf6 5. Nc3 Nc6 6. Qa4 d6 7. e5 dxe5 8.
Nxe5 Qd4 9. Nxc6 Qxa4 10. Nxa4 bxc6 11. Be2 Bg7 12. Bf3 O-O 13. O-O Bf5 14. c3
Nd5 15. Re1 e5 16. Bd2 Rab8 17. b3 Rfd8 18. Rad1 e4 1/2-1/2

[Event "Capablanca mem open"]
[Site "La Habana CUB"]
[Date "2006.11.26"]
[Round "6.15"]
[White "Muñoz, Lisandro"]
[Black "Hernandez, Holden"]
[Result "0-1"]
[PlyCount "82"]
[EventDate "2006.11.21"]
[EventType "swiss"]
[EventRounds "9"]
[EventCountry "CUB"]
[Source "lmi"]
[SourceDate "2006.11.21"]
[WhiteElo "2396"]
[BlackElo "2524"]

1. e4 c5 2. c3 Nf6 3. e5 Nd5 4. d4 cxd4 5. Nf3 Nc6 6. cxd4 d6 7. Bc4 Nb6 8. Bb3
dxe5 9. d5 Na5 10. Nc3 Nxb3 11. Qxb3 f6 12. Be3 g6 13. Rc1 Bd7 14. O-O Nc8 15.
Qxb7 Nd6 16. Qa6 Bg7 17. Bc5 Qb8 18. b3 Bh6 19. Be3 Bxe3 20. fxe3 Qb6 21. Qe2
O-O 22. Nd2 Rac8 23. Nc4 Qb4 24. Nb1 Rc5 25. e4 Rfc8 26. Nbd2 Bb5 27. Qg4 Bxc4
28. Qe6+ Kh8 29. Nxc4 Nxc4 30. Qxe7 Qb6 31. Rxf6 R5c6+ 32. Rf2 R6c7 33. Qg5 Rf7
34. Rcc2 Rcf8 35. Qg3 Qd4 36. h3 Rxf2 37. Rxf2 Nd2 38. d6 Nxe4 39. Qxe5+ Qxe5
40. Rxf8+ Kg7 41. d7 Qc5+ 0-1

[Event "Capablanca mem open"]
[Site "La Habana CUB"]
[Date "2006.11.26"]
[Round "6.17"]
[White "Puntier, William"]
[Black "Blanco, Humberto"]
[Result "1/2-1/2"]
[PlyCount "125"]
[EventDate "2006.11.21"]
[EventType "swiss"]
[EventRounds "9"]
[EventCountry "CUB"]
[Source "lmi"]
[SourceDate "2006.11.21"]
[WhiteElo "2337"]
[BlackElo "2426"]

1. e4 e5 2. Nf3 Nc6 3. Bb5 a6 4. Ba4 Nf6 5. O-O Be7 6. Re1 b5 7. Bb3 d6 8. c3
O-O 9. h3 Nb8 10. d3 Nbd7 11. Nbd2 Nc5 12. Bc2 Bb7 13. Nf1 Re8 14. Ng3 g6 15.
d4 Ncd7 16. Bh6 Bf8 17. Qd2 Qe7 18. Bg5 Bg7 19. Rad1 Qf8 20. d5 Rec8 21. a4 Ne8
22. Qe2 c6 23. dxc6 Bxc6 24. axb5 axb5 25. Bb3 Nc5 26. Bd5 Rab8 27. Bxc6 Rxc6
28. Ra1 Nc7 29. Red1 Qc8 30. Ra7 Qe6 31. Be3 Na4 32. Qc2 Ra8 33. Rxa8+ Nxa8 34.
Rd5 Nc7 35. Ng5 Qe7 36. Rd2 h6 37. Nf3 Qe6 38. Ne1 d5 39. exd5 Nxd5 40. Ba7 Nc5
41. Nd3 Nb7 42. Qb3 Nc7 43. Qxe6 Nxe6 44. Nb4 Rd6 45. Ne4 Rxd2 46. Nxd2 f5 47.
f3 Kf7 48. Nd3 Ned8 49. Kf1 Ke6 50. Ke2 Bf8 51. Be3 Nc6 52. Kd1 Kd5 53. Kc2 g5
54. g4 e4 55. fxe4+ fxe4 56. Nf2 Nd6 57. Nf1 Ne5 58. Bd4 Ng6 59. Ne3+ Ke6 60.
b3 Nf4 61. c4 bxc4 62. bxc4 Nf7 63. Nxe4 1/2-1/2

[Event "Capablanca mem open"]
[Site "La Habana CUB"]
[Date "2006.11.26"]
[Round "6.19"]
[White "Mena Crespo, Carlos"]
[Black "Aponte, Ernesto"]
[Result "1-0"]
[PlyCount "77"]
[EventDate "2006.11.21"]
[EventType "swiss"]
[EventRounds "9"]
[EventCountry "CUB"]
[Source "lmi"]
[SourceDate "2006.11.21"]
[WhiteElo "2413"]
[BlackElo "2115"]

1. e4 Nf6 2. e5 Nd5 3. d4 d6 4. Nf3 dxe5 5. Nxe5 g6 6. c4 Nb6 7. Be2 Bg7 8. O-O
O-O 9. Nc3 N8d7 10. Nxd7 Nxd7 11. Be3 c6 12. Qd2 Re8 13. Rad1 b6 14. Bf4 Bb7
15. d5 Qc8 16. Bg4 f5 17. Bf3 Ne5 18. Bxe5 Bxe5 19. Rfe1 Bxc3 20. Qxc3 cxd5 21.
Bxd5+ Bxd5 22. Rxd5 Qc7 23. b3 Rad8 24. Rde5 Qd6 25. h4 Kf7 26. h5 Qd2 27. Qh3
e6 28. hxg6+ hxg6 29. Qh7+ Kf6 30. Qxa7 Qd4 31. Qh7 Qf4 32. Qc7 Qd4 33. Qc6
Qxe5 34. Rxe5 Kxe5 35. Qxb6 Rd1+ 36. Kh2 Rh8+ 37. Kg3 Rd3+ 38. f3 f4+ 39. Kg4
1-0

[Event "Capablanca mem open"]
[Site "La Habana CUB"]
[Date "2006.11.26"]
[Round "6.20"]
[White "Hernandez, Tania"]
[Black "Garcia, Osmel"]
[Result "0-1"]
[PlyCount "82"]
[EventDate "2006.11.21"]
[EventType "swiss"]
[EventRounds "9"]
[EventCountry "CUB"]
[Source "lmi"]
[SourceDate "2006.11.21"]
[WhiteElo "2201"]
[BlackElo "2400"]

1. Nf3 Nf6 2. c4 d6 3. g3 e5 4. Bg2 Be7 5. Nc3 O-O 6. O-O Re8 7. d3 Bf8 8. Rb1
a5 9. a3 h6 10. b4 axb4 11. axb4 Nc6 12. b5 Nb8 13. Be3 c6 14. bxc6 bxc6 15.
Ra1 Rxa1 16. Qxa1 d5 17. Ba7 Nbd7 18. cxd5 cxd5 19. Nd2 Bb7 20. Nb3 Re6 21. Qb2
Ba8 22. Ra1 d4 23. Nb5 Bxg2 24. Kxg2 h5 25. Qc1 Qa8+ 26. Kg1 Rc6 27. Qb1 Qe8
28. Na5 Rc8 29. Qb3 Nc5 30. Qb1 h4 31. Nc4 Qe6 32. Bxc5 Bxc5 33. Na7 Re8 34.
Ra5 Bxa7 35. Rxa7 e4 36. Ra5 e3 37. f3 hxg3 38. hxg3 Qh3 39. Qe1 Re6 40. g4
Nxg4 41. Ra8+ Kh7 0-1

[Event "Capablanca mem open"]
[Site "La Habana CUB"]
[Date "2006.11.26"]
[Round "6.22"]
[White "Ramon, Vivian"]
[Black "Elliott, Warren"]
[Result "1-0"]
[PlyCount "153"]
[EventDate "2006.11.21"]
[EventType "swiss"]
[EventRounds "9"]
[EventCountry "CUB"]
[Source "lmi"]
[SourceDate "2006.11.21"]
[WhiteElo "2223"]
[BlackElo "2286"]

1. Nf3 d5 2. b3 e6 3. Bb2 Nf6 4. e3 Bd6 5. d4 O-O 6. Bd3 Nbd7 7. O-O Ne4 8.
Nbd2 f5 9. Ne5 Qh4 10. f4 Qe7 11. a3 Ndf6 12. Ndf3 Bd7 13. c4 c6 14. c5 Bc7 15.
b4 a5 16. Qe2 b5 17. Rfc1 Rfb8 18. Qe1 Ra7 19. Bc3 Rba8 20. h3 Be8 21. g4 Nxc3
22. Qxc3 Ne4 23. Qe1 Bxe5 24. dxe5 g6 25. g5 Qc7 26. Bxe4 fxe4 27. Nd4 Bd7 28.
Nb3 a4 29. Nd4 Rf8 30. Ra2 Qc8 31. Rg2 Be8 32. h4 Rff7 33. Qg3 Rg7 34. Qh3 Bf7
35. Kf2 Re7 36. Ne2 Be8 37. Ng3 Qd7 38. Rd1 Qc8 39. Ke2 Qb7 40. Nh1 Qc8 41. Nf2
Ref7 42. Ng4 Kh8 43. Nf6 Rc7 44. Kd2 Rce7 45. Kc3 Bf7 46. Kd4 Qc7 47. Qg3 Qa7
48. Rh1 Qc7 49. Rh3 Qa7 50. Qh2 Qb7 51. h5 Qa7 52. hxg6 Bxg6 53. Rh6 Qb7 54.
Qh1 Qc7 55. Rgh2 Qb7 56. Nxh7 Bxh7 57. g6 Kg8 58. gxh7+ Rxh7 59. Rg6+ Kh8 60.
Rhh6 Qd7 61. Qh4 Ref7 62. Qg5 Rfg7 63. Rxh7+ Kxh7 64. Qh6+ Kg8 65. Rxe6 Rg1 66.
Rg6+ Rxg6 67. Qxg6+ Qg7 68. Qxc6 Qg1 69. Qxd5+ Kg7 70. Qd7+ Kf8 71. e6 Qd1+ 72.
Kxe4 Qc2+ 73. Ke5 Qc3+ 74. Kd6 Kg8 75. Kc7 Qxe3 76. e7 Qxf4+ 77. Kc8 1-0

[Event "Capablanca mem open"]
[Site "La Habana CUB"]
[Date "2006.11.26"]
[Round "6.23"]
[White "Marrero, Yaniet"]
[Black "Linares Napoles, Oleiny"]
[Result "1-0"]
[PlyCount "55"]
[EventDate "2006.11.21"]
[EventType "swiss"]
[EventRounds "9"]
[EventCountry "CUB"]
[Source "lmi"]
[SourceDate "2006.11.21"]
[WhiteElo "2252"]
[BlackElo "2199"]

1. e4 e5 2. Nf3 Nf6 3. Nxe5 d6 4. Nf3 Nxe4 5. Nc3 Nxc3 6. dxc3 Be7 7. Bf4 O-O
8. Qd2 Nd7 9. O-O-O Nc5 10. h4 Be6 11. Kb1 Qd7 12. Ng5 Qa4 13. Nxe6 Nxe6 14.
Be3 Rfe8 15. Qd5 a6 16. h5 c6 17. Qf5 d5 18. Bd3 Nf8 19. Rh3 c5 20. Rf3 Bf6 21.
Bxc5 Re5 22. Qh3 Ne6 23. Be3 h6 24. Rf5 d4 25. cxd4 Nxd4 26. Rxe5 Bxe5 27. Qg4
Kf8 28. c3 1-0

[Event "Capablanca mem open"]
[Site "La Habana CUB"]
[Date "2006.11.27"]
[Round "7.4"]
[White "Mosquera, Miguel"]
[Black "Arencibia, Walter"]
[Result "0-1"]
[PlyCount "108"]
[EventDate "2006.11.21"]
[EventType "swiss"]
[EventRounds "9"]
[EventCountry "CUB"]
[Source "lmi"]
[SourceDate "2006.11.21"]
[WhiteElo "2425"]
[BlackElo "2530"]

1. e4 c5 2. Nf3 Nc6 3. d4 cxd4 4. Nxd4 Nf6 5. Nc3 e5 6. Ndb5 d6 7. Bg5 a6 8.
Bxf6 gxf6 9. Na3 b5 10. Nd5 Bg7 11. c3 f5 12. exf5 Bxf5 13. Nc2 O-O 14. Nce3
Be6 15. Bd3 f5 16. Bc2 Ra7 17. Qh5 Raf7 18. g4 Bxd5 19. Nxd5 e4 20. O-O-O Ne5
21. Ne3 Nd3+ 22. Bxd3 exd3 23. Rxd3 fxg4 24. Nxg4 Kh8 25. Rh3 Bf6 26. Rd1 Bg5+
27. Kb1 Qe7 28. Rhd3 Rf5 29. Qh3 Qe4 30. Ka1 Rf4 31. Rg3 b4 32. cxb4 Qc2 33.
Rb1 Rxb4 34. Rc3 Qf5 35. Rg1 d5 36. Rb3 Rc4 37. Rc3 Bd2 38. Rd3 Bc1 39. Qg3 Rg8
40. h3 h5 41. Qh4 Rg5 42. Rb3 Bf4 43. f3 Qc2 44. Rb8+ Kg7 45. Rb7+ Rc7 46.
Rxc7+ Qxc7 47. Rh1 hxg4 48. hxg4 Kf7 49. Qh7+ Rg7 50. Qf5+ Kg8 51. Qe6+ Rf7 52.
Qg6+ Rg7 53. Qxa6 Qf7 54. g5 Be5 0-1

[Event "Capablanca mem open"]
[Site "La Habana CUB"]
[Date "2006.11.27"]
[Round "7.5"]
[White "Alvarez Pedraza, Aramis"]
[Black "Quezada, Yuniesky"]
[Result "1/2-1/2"]
[PlyCount "77"]
[EventDate "2006.11.21"]
[EventType "swiss"]
[EventRounds "9"]
[EventCountry "CUB"]
[Source "lmi"]
[SourceDate "2006.11.21"]
[WhiteElo "2439"]
[BlackElo "2515"]

1. e4 c5 2. Nf3 e6 3. b3 a6 4. Bb2 Nc6 5. d4 cxd4 6. Nxd4 Qf6 7. c3 Bc5 8. g3
h5 9. Bg2 h4 10. O-O hxg3 11. hxg3 Nge7 12. Qd3 e5 13. Nf3 d6 14. b4 Ba7 15. a4
Bg4 16. Nbd2 Rd8 17. b5 Nb8 18. Nc4 Bc5 19. Rfd1 Nd7 20. Rd2 Kf8 21. Ba3 Kg8
22. Rad1 Bxa3 23. Nxa3 Nc5 24. Qe3 Qh6 25. Nc4 Qxe3 26. Nxe3 Bxf3 27. Bxf3 Rh6
28. bxa6 bxa6 29. Nc4 Rf6 30. Nxe5 Nxa4 31. Kg2 Nxc3 32. Ra1 Re6 33. Nc4 Nxe4
34. Bxe4 Rxe4 35. Nxd6 Re6 36. Rxa6 Nf5 37. Nc4 Rxd2 38. Ra8+ Kh7 39. Nxd2
1/2-1/2

[Event "Capablanca mem open"]
[Site "La Habana CUB"]
[Date "2006.11.27"]
[Round "7.8"]
[White "Gonzalez, Yuri"]
[Black "Perez, Luis Manuel"]
[Result "1-0"]
[PlyCount "75"]
[EventDate "2006.11.21"]
[EventType "swiss"]
[EventRounds "9"]
[EventCountry "CUB"]
[Source "lmi"]
[SourceDate "2006.11.21"]
[WhiteElo "2502"]
[BlackElo "2455"]

1. e4 c5 2. Nf3 e6 3. d4 cxd4 4. Nxd4 Nf6 5. Nc3 Nc6 6. Ndb5 Bb4 7. a3 Bxc3+ 8.
Nxc3 d5 9. Bd3 O-O 10. O-O d4 11. Ne2 e5 12. Ng3 Bg4 13. Qe1 Nd7 14. b4 Rc8 15.
Bd2 Re8 16. f3 Be6 17. Nf5 Nb6 18. Qg3 Bxf5 19. exf5 Nd5 20. Rae1 Qd6 21. Re4
Ne3 22. Bxe3 dxe3 23. Rxe3 Nd4 24. c4 a5 25. c5 Qf6 26. Rfe1 axb4 27. axb4 b6
28. Rxe5 Red8 29. Bb1 h6 30. Qf2 Nc6 31. R5e4 bxc5 32. Qxc5 Nd4 33. Qe5 Qb6 34.
Kh1 Qxb4 35. f6 g6 36. Ba2 Qd6 37. Qe7 Rc7 38. Bxf7+ 1-0

[Event "Capablanca mem open"]
[Site "La Habana CUB"]
[Date "2006.11.27"]
[Round "7.12"]
[White "Haznedaroglu, Kivanc"]
[Black "Gongora, Maikel"]
[Result "1-0"]
[PlyCount "121"]
[EventDate "2006.11.21"]
[EventType "swiss"]
[EventRounds "9"]
[EventCountry "CUB"]
[Source "lmi"]
[SourceDate "2006.11.21"]
[WhiteElo "2430"]
[BlackElo "2467"]

1. e4 e5 2. Nf3 Nc6 3. Bb5 Nf6 4. O-O Nxe4 5. d4 Nd6 6. Bxc6 dxc6 7. dxe5 Nf5
8. Qxd8+ Kxd8 9. Nc3 Ke8 10. h3 Ne7 11. Be3 Nd5 12. Bd2 Nxc3 13. Bxc3 c5 14.
Ng5 Be7 15. Ne4 h5 16. Rad1 Bf5 17. Rfe1 Be6 18. a3 h4 19. f4 Rd8 20. Kf2 b6
21. Ke3 Rd7 22. b4 cxb4 23. axb4 Rxd1 24. Rxd1 a6 25. Ra1 Rh6 26. Kf2 Bc8 27.
Bd2 Rc6 28. c3 Rc4 29. Re1 Kd8 30. Ng5 Bxg5 31. fxg5 g6 32. Ke3 a5 33. bxa5
bxa5 34. Rf1 Be6 35. Kd3 Bd5 36. Ra1 a4 37. Be1 Rf4 38. Bd2 Re4 39. Be1 Kd7 40.
g3 hxg3 41. Bxg3 c5 42. h4 Kc6 43. Bf2 Rf4 44. Ke3 Rg4 45. Kd3 Bb3 46. Be1 Kd5
47. Bf2 Rg2 48. Ke3 Kc4 49. Kf3 Rxf2+ 50. Kxf2 Kxc3 51. e6 Bxe6 52. Rxa4 c4 53.
Ke3 Kb3 54. Ra6 c3 55. Rb6+ Kc2 56. h5 gxh5 57. g6 Ba2 58. g7 f5 59. Ra6 Bb3
60. Ra3 Bf7 61. Kd4 1-0

[Event "Capablanca mem open"]
[Site "La Habana CUB"]
[Date "2006.11.27"]
[Round "7.13"]
[White "Escobar Forero, Alder"]
[Black "Mena Crespo, Carlos"]
[Result "1-0"]
[PlyCount "109"]
[EventDate "2006.11.21"]
[EventType "swiss"]
[EventRounds "9"]
[EventCountry "CUB"]
[Source "lmi"]
[SourceDate "2006.11.21"]
[WhiteElo "2457"]
[BlackElo "2413"]

1. e4 c5 2. Nf3 d6 3. d4 cxd4 4. Nxd4 Nf6 5. f3 e5 6. Bb5+ Nbd7 7. Nf5 d5 8.
exd5 a6 9. Bxd7+ Qxd7 10. Ne3 b5 11. Nc3 Bb7 12. O-O b4 13. Ne4 Nxd5 14. a3
bxa3 15. b3 Nxe3 16. Bxe3 Rc8 17. Qxd7+ Kxd7 18. Rfd1+ Ke6 19. Ng5+ Ke7 20.
Nxf7 Kxf7 21. Rd7+ Ke6 22. Rxb7 Rxc2 23. Rb6+ Kf7 24. b4 Rc3 25. Bd2 Rc2 26.
Be1 a5 27. Rxa3 Be7 28. Rxa5 Bf6 29. Rc5 Rb2 30. Bc3 Rb1+ 31. Kf2 Ra8 32. Rc7+
Kg6 33. Bxe5 Ra2+ 34. Kg3 Rg1 35. Kf4 Rgxg2 36. Bxf6 gxf6 37. Rbb7 h6 38. Rg7+
Kh5 39. Rg3 Rxg3 40. hxg3 Kg6 41. Ke4 h5 42. Rb8 Rb2 43. b5 Rb4+ 44. Kd5 Rb3
45. b6 Kf5 46. b7 Rb1 47. Kd6 Rb2 48. Ke7 Rb6 49. Kf7 Rb4 50. Ke7 Rb6 51. g4+
hxg4 52. fxg4+ Kxg4 53. Rg8+ Kh3 54. b8=Q Rxb8 55. Rxb8 1-0

[Event "Capablanca mem open"]
[Site "La Habana CUB"]
[Date "2006.11.27"]
[Round "7.14"]
[White "Prasca, Raphael"]
[Black "Perez, Rodney"]
[Result "1/2-1/2"]
[PlyCount "101"]
[EventDate "2006.11.21"]
[EventType "swiss"]
[EventRounds "9"]
[EventCountry "CUB"]
[Source "lmi"]
[SourceDate "2006.11.21"]
[WhiteElo "2448"]
[BlackElo "2385"]

1. e4 e5 2. Nf3 Nf6 3. Nxe5 d6 4. Nf3 Nxe4 5. Qe2 Qe7 6. d3 Nf6 7. Bg5 Qxe2+ 8.
Bxe2 Nbd7 9. Nc3 Be7 10. O-O-O h6 11. Bf4 Nb6 12. Rde1 O-O 13. h3 Re8 14. Nd4
Nbd5 15. Nxd5 Nxd5 16. Bg3 Bd7 17. Bf3 Nb4 18. a3 Nc6 19. Nxc6 bxc6 20. Bg4
Bxg4 21. hxg4 Bf6 22. c3 Kf8 23. Kc2 Rxe1 24. Rxe1 Re8 25. f3 Rxe1 26. Bxe1 Ke7
27. Bf2 a6 28. b4 Kd7 29. Kb3 Kc8 30. Kc4 Kd7 31. Be3 Be5 32. Kb3 Kc8 33. c4
Bf6 34. Bd2 Bd4 35. Bc3 Bxc3 36. Kxc3 Kb7 37. Kd4 Kb6 38. f4 a5 39. g3 axb4 40.
axb4 Kb7 41. Ke4 g6 42. d4 Kc8 43. d5 Kd7 44. Kd4 cxd5 45. Kxd5 c6+ 46. Kd4 f5
47. gxf5 gxf5 48. Kc3 c5 49. b5 Kc7 50. Kd3 h5 51. Kc3 1/2-1/2

[Event "Capablanca mem open"]
[Site "La Habana CUB"]
[Date "2006.11.27"]
[Round "7.18"]
[White "Garcia, Osmel"]
[Black "Marrero, Yaniet"]
[Result "1-0"]
[PlyCount "89"]
[EventDate "2006.11.21"]
[EventType "swiss"]
[EventRounds "9"]
[EventCountry "CUB"]
[Source "lmi"]
[SourceDate "2006.11.21"]
[WhiteElo "2400"]
[BlackElo "2252"]

1. e4 e5 2. Bc4 Nf6 3. d3 c6 4. Qe2 Bb4+ 5. c3 Be7 6. Nf3 Qc7 7. O-O O-O 8. Bb3
Re8 9. Nbd2 d6 10. Re1 Nbd7 11. Nf1 Nc5 12. Bc2 Ne6 13. Ng3 Bf8 14. d4 Bd7 15.
h3 Nf4 16. Qd1 Ng6 17. Bg5 Kh8 18. Qd2 Ng8 19. Rad1 f6 20. Be3 Rad8 21. Bb3 Bc8
22. Qc1 b6 23. a4 Bb7 24. h4 d5 25. h5 dxe4 26. Ng5 fxg5 27. hxg6 h6 28. Bf7
exd4 29. cxd4 Bd6 30. Bxe8 Rxe8 31. d5 cxd5 32. Qxc7 Bxc7 33. Nf5 Re6 34. Bd4
Rxg6 35. Rc1 Bf4 36. Rc2 g4 37. g3 Bb8 38. Rec1 Kh7 39. Rc7 Bxc7 40. Rxc7 Ba8
41. Rxa7 Bc6 42. Nxg7 Rd6 43. Ne6+ Kg6 44. Nf4+ Kg5 45. Rg7+ 1-0

[Event "Capablanca mem open"]
[Site "La Habana CUB"]
[Date "2006.11.27"]
[Round "7.19"]
[White "Resende, Antonio Carlos"]
[Black "Ramon, Vivian"]
[Result "1-0"]
[PlyCount "137"]
[EventDate "2006.11.21"]
[EventType "swiss"]
[EventRounds "9"]
[EventCountry "CUB"]
[Source "lmi"]
[SourceDate "2006.11.21"]
[WhiteElo "2402"]
[BlackElo "2223"]

1. e4 e5 2. Nf3 Nc6 3. d4 exd4 4. Nxd4 Nf6 5. Nc3 Bb4 6. Nxc6 bxc6 7. Bd3 d5 8.
exd5 cxd5 9. O-O O-O 10. Bg5 c6 11. Qf3 Bd6 12. h3 Rb8 13. Rab1 h6 14. Bf4 Rb4
15. Bxd6 Qxd6 16. Rfe1 Be6 17. a3 Rbb8 18. Ne2 c5 19. c3 a5 20. Qf4 Rfd8 21. b4
axb4 22. axb4 cxb4 23. cxb4 d4 24. b5 Kf8 25. Qxd6+ Rxd6 26. Rb4 Rbd8 27. Ra1
Bc8 28. Raa4 Nd5 29. Rxd4 Nb6 30. Rab4 Bb7 31. Rxd6 Rxd6 32. Rb3 Ke7 33. Ra3
Kd8 34. f3 Nd7 35. Ng3 Nc5 36. Be2 g6 37. Kf2 Kc7 38. Re3 Ne6 39. Bc4 Bd5 40.
Bf1 f5 41. Ra3 Bb7 42. Rd3 Bd5 43. Ne2 Nc5 44. Rd4 Bb7 45. Rxd6 Kxd6 46. Ke3
Ne6 47. Nf4 Nf8 48. Bc4 g5 49. Nd3 f4+ 50. Kd4 Ng6 51. Nc5 Bc8 52. b6 Ne7 53.
b7 Nc6+ 54. Ke4 Bxh3 55. gxh3 Kxc5 56. Bd5 Nb8 57. Ke5 Na6 58. Be4 Nb8 59. Kf6
Kd6 60. Kg6 Ke5 61. Kxh6 Kf6 62. Kh5 Nd7 63. Kh6 Nb8 64. Bc2 Nd7 65. Ba4 Nb8
66. Bb5 Kf5 67. Kg7 g4 68. hxg4+ Kg5 69. Kf7 1-0

[Event "Capablanca mem open"]
[Site "La Habana CUB"]
[Date "2006.11.27"]
[Round "7.21"]
[White "Aponte, Ernesto"]
[Black "Larduet, Carlos"]
[Result "1/2-1/2"]
[PlyCount "103"]
[EventDate "2006.11.21"]
[EventType "swiss"]
[EventRounds "9"]
[EventCountry "CUB"]
[Source "lmi"]
[SourceDate "2006.11.21"]
[WhiteElo "2115"]
[BlackElo "2308"]

1. e4 c5 2. Nc3 Nc6 3. f4 g6 4. Nf3 Bg7 5. Bc4 d6 6. O-O Nf6 7. d3 O-O 8. f5
Nd4 9. Nxd4 cxd4 10. Nd5 Nxd5 11. Bxd5 e6 12. fxe6 Bxe6 13. Bxb7 Rb8 14. Bc6
Qa5 15. a3 Qa6 16. Bd5 Bxd5 17. exd5 Rb5 18. a4 Rxd5 19. b4 Re8 20. Bf4 Rf5 21.
Qd2 Be5 22. b5 Bxf4 23. Rxf4 Rxb5 24. Raf1 Rb7 25. Qf2 Ree7 26. Rxd4 Rbc7 27.
h3 Re6 28. Kh1 Qb7 29. Rf4 Rce7 30. Qd4 Qc6 31. R4f2 h5 32. Kh2 Qc5 33. Qxc5
dxc5 34. Rf4 Rb7 35. Rc4 Re5 36. Rf6 Rb6 37. Rff4 f5 38. Rc3 Rb1 39. h4 a5 40.
Rfc4 Rb4 41. Kg3 Rxc4 42. Rxc4 Kf7 43. Rc3 Rd5 44. Rb3 Rd4 45. Rb7+ Ke6 46. Rb5
c4 47. dxc4 Rxc4 48. Rxa5 Rxc2 49. Ra6+ Kf7 50. a5 Rc3+ 51. Kf4 Rc4+ 52. Kf3
1/2-1/2

[Event "Capablanca mem open"]
[Site "La Habana CUB"]
[Date "2006.11.28"]
[Round "8.1"]
[White "Arencibia, Walter"]
[Black "Abreu, Aryam"]
[Result "1-0"]
[BlackElo "2465"]
[PlyCount "77"]
[EventDate "2006.11.21"]
[EventType "swiss"]
[EventRounds "9"]
[EventCountry "CUB"]
[Source "lmi"]
[SourceDate "2006.11.21"]
[WhiteElo "2530"]

1. d4 d5 2. c4 dxc4 3. Nf3 Nf6 4. e3 e6 5. Bxc4 a6 6. O-O c5 7. dxc5 Bxc5 8.
Qxd8+ Kxd8 9. Ne5 Ke7 10. Be2 Bd7 11. Nc3 Rc8 12. Bf3 Nc6 13. Nxd7 Nxd7 14. Ne4
Nce5 15. Be2 Bb4 16. a3 Nc5 17. Nxc5 Bxc5 18. Bd2 Bd6 19. Rac1 f6 20. f4 Rxc1
21. Rxc1 Nc6 22. Bf3 Rc8 23. g4 h6 24. h4 Rc7 25. Kf2 Nd8 26. Bc3 Nf7 27. h5 e5
28. Bd2 Rxc1 29. Bxc1 Nd8 30. Bd5 b6 31. Kf3 Ne6 32. Bd2 a5 33. Bxe6 Kxe6 34.
Ke4 exf4 35. exf4 Bc5 36. a4 Bd6 37. f5+ Kd7 38. Kd5 Bc5 39. Bxa5 1-0